El fjuego de las vísperas /
Guardado en:
| Autor principal: | |
|---|---|
| Formato: | Desconocido |
| Lenguaje: | Spanish |
| Publicado: |
Buenos Aires, Argentina :
Calidon,
1982.
|
| Colección: | (Colección Ruedaviva)
|
| Materias: | |
| Etiquetas: |
Agregar Etiqueta
Sin Etiquetas, Sea el primero en etiquetar este registro!
|
MARC
| LEADER | 000000000a22000000004500 | ||
|---|---|---|---|
| 001 | 003181 | ||
| 041 | 0 | |a spa | |
| 082 | 0 | 4 | |a Ar863.4 |b L533f |
| 100 | 1 | |a Leiva, Ángel | |
| 245 | 1 | 3 | |a El fjuego de las vísperas / |c Ángel Leiva. |
| 260 | 1 | |a Buenos Aires, Argentina : |b Calidon, |c 1982. | |
| 300 | |a 91 páginas : |b ilustraciones | ||
| 490 | 1 | |a (Colección Ruedaviva) | |
| 500 | |a Colección George Yudice | ||
| 650 | 4 | |a LITERATURA ARGENTINA | |
| 650 | 4 | |a POESIA | |
| 999 | |c 9474 |d 9474 | ||
| 942 | |c BK |h Ar863.4 L533f |2 z | ||
